000
00201nam a22000857a 4500
008
161122b xxu||||| |||| 00| 0 eng d
100
_9
1308
_a
CBSE
245
_a
Mathematics-X
260
_a
New delhi
_b
CBSE
_c
2010
999
_c
4020
_d
4020